00500pab a2200145 454500008004000000100001900040245004600059260000900105300001200114362000900126520016400135650001800299700001800317773001900335180718b1996 xxu||||| |||| 00| 0 eng d aShaw, G. Jerry aFederal employee appeals: out of the maze c1996 ap.15-18 aFall aThe article stresses that whether the current multiplicity of avenues of appeal is in the best interest of either the federal employees or the employing agency aCivil service aFischer, Paul aPublic Manager